000 00867cam a22002651a 4500
001 16994
003 BD-RjUL
005 20211209000056.0
008 140216t1963 nyua b 001 0 eng
035 _a(BD-RjUL)17051
035 _a(OCoLC)849396
040 _aDLC
_cRUn
_dInLP
_dDLC
_dBD-RjUL
_beng
041 _aeng
082 0 0 _a673.7227
_bFIN 1963
245 0 4 _aThe Finishing of aluminum :
_ba symposium sponsored by the American Electroplaters' Society /
_cedited by G.H. Kissin.
260 _aNew York :
_bReinhold,
_cc1963.
300 _av, 243 p. :
_bill. ;
_c24 cm.
504 _aIncludes bibliographical reference and index.
650 0 _aAluminum
_xFinishing.
_952433
700 1 _aKissin, G. H.
_q(Gerald Harvey),
_d1914-
_952434
710 2 _aAmerican Electroplaters' Society.
_952435
942 _2ddc
_cBK
999 _c16994
_d16994